000 00751ngm a22002890a 4500
001 PT16742
003 AR-LpoUNG
005 20210202000238.0
007 vd cvaizq
008 191001s2005||||ag |||||||||||||||||spa d
037 _c$9.96
040 _aAR-LpoUNG
_bspa
_cAR-LpoUNG
_eaacr
041 _aspa
044 _aag
082 0 _a922 673mar
245 1 0 _aMarco Polo :
_bla búsqueda de Catai
260 _a[Buenos Aires] :
_bHistoria Documental,
_c2005.
300 _aVHS (50 min.) : son., byn, col.
650 4 _aANALISIS HISTORICO
650 4 _aHISTORIA
651 4 _aDOCUMENTOS TEORICOS O METODOLOGICOS
653 _aVIDEOS
653 _aVIDEOS DIDACTICOS
710 2 _aHistoria Documental
905 _a16742
942 _cVIDEO
999 _c54439
_d54439